000 00612nam a22001817a 4500
999 _c527553
_d527553
003 NUST
005 20190730095443.0
008 190730b ||||| |||| 00| 0 eng d
020 _a9788131709757
038 _aSNS Library Staff
082 _a541.024574 TIN 2006
100 _4Ignacio Tinoco Jr, Kenneth Sauer, James C. Wang, Joseph D. Puglisi
245 _aPhysical Chemistry
_bPrinciples and Applications in biological Sciences
_cIgnacio Tinoco Jr, Kenneth Sauer, James C. Wang, Joseph D. Puglisi
250 _a4th ed.
260 _aIndia
_bPearson
_c2006
300 _a764 p
_bPb
942 _2ddc
_cBK